ბათუმის შოთა რუსთაველის სახელმწიფო უნივერსიტეტის ბიბლიოთეკა

ფიზიკის ამოცანათა კრებული:(საცნობარო მასალებითა და ამოცანების ამოხსნის ნიმუშებით.) / (ბიბ.ჩანაწერი № 38424)

000 -ლიდერი
ფიქსირებული სიგრძის საკონტროლო ველი 01140nam a2200241Ia 4500
001 - საკონტროლო ნომერი
საკონტროლო ველი 4435
003 - საკონტროლო ნომრის იდენტიფიკატორი
საკონტროლო ველი GE_BSU
005 - ბოლო ოპერაციის თარიღი და დრო
საკონტროლო ველი 20190517185129.0
008 - ფიქსირებული სიგრძის მონაცემთა ელემენტები - ზოგადი ინფორმაცია
ფიქსირებული სიგრძის საკონტროლო ველი 181216s1986||||ge |||||||||||||| ||geo||
040 ## - კატალოგიზაციის წყარო
Transcribing agency GE_BSU
041 ## - ენის კოდი
Language code of text/sound track or separate title geo
080 ## - უნივერსალური ათობითი კლასიფიკაციის ინდექსი
Universal Decimal Classification number 53(076) ჩ–48
100 ## - მთავარი ჩანაწერი - პიროვნების სახელი
Personal name ჩერტოვი, ა.
9 (RLIN) 1334
245 ## - ცნობა სათაურის შესახებ
Title ფიზიკის ამოცანათა კრებული:(საცნობარო მასალებითა და ამოცანების ამოხსნის ნიმუშებით.) /
Medium ა. ჩერტოვი ; ა. ვორობიოვი ; მ. ფიოდოროვი ; რედ : ი.სემიკინა.
264 ## - წარმოების, გამოცემის, დისტრიბუციის და სხვა ცნობები
გამოცემის, წარმოების, დისტრიბუციის... ადგილი თბილისი :
გამოცემის, წარმოების, დისტრიბუციის... სახელწოდება განათლება,
გამოცემის, წარმოების, დისტრიბუციის... თარიღი 1986.
300 ## - ფიზიკური აღწერა
Extent 600 გვ .:
Dimensions 21 სმ.
653 ## - INDEX TERM--UNCONTROLLED
Uncontrolled term ფიზიკის ამოცანათა კრებული
653 ## - INDEX TERM--UNCONTROLLED
Uncontrolled term ფიზიკა
700 ## - ADDED ENTRY--PERSONAL NAME
Personal name ვორობიოვი,ა
9 (RLIN) 1335
700 ## - ADDED ENTRY--PERSONAL NAME
Personal name ფიოდოროვი,მ
9 (RLIN) 1336
700 ## - ADDED ENTRY--PERSONAL NAME
Personal name სემიკინა, ი
Dates associated with a name რედაქტორი
9 (RLIN) 1337
942 ## - ADDED ENTRY ELEMENTS (KOHA)
Koha item type წიგნი
Source of classification or shelving scheme
ეგზემპლარები
ჩამოწერის სტატუსი დაკარგული ეგზემპლარის სტატუსი კლასიფიკაციის წყარო ან თაროზე გაწყობის სქემა დაზიანების სტატუსი არ გაიცემა მუდმივი მდებარეობა (დაცვის ადგილი) ამჟამინდელი ადგილსამყოფელი თაროზე განთავსების ადგილი შეძენის თარიღი ღირებულება, შესყიდვის ნორმალური ფასი სრული შენახვის შიფრი შტრიხკოდი ბოლო ოპერაციის თარიღი ეგზემპლარის მიმდევრობითი ნომერი (კეტერი?) ფასის ძალაში შესვლის თარიღი ეგზემპლარის სახეობა საჯარო შენიშვნა
          ტექნოლოგიური ფაკულტეტის ბიბლიოთეკა ტექნოლოგიური ფაკულტეტის ბიბლიოთეკა წიგნსაცავი 2018-12-17 2.00 53(076) ჩ–48 8711 2018-12-17 8711 2018-12-17 წიგნი 2 ლ. 40 თ.
          ტექნოლოგიური ფაკულტეტის ბიბლიოთეკა ტექნოლოგიური ფაკულტეტის ბიბლიოთეკა წიგნსაცავი 2018-12-17 2.00 53(076) ჩ–48 8712 2018-12-17 8712 2018-12-17 წიგნი 2 ლ. 40 თ.
          ტექნოლოგიური ფაკულტეტის ბიბლიოთეკა ტექნოლოგიური ფაკულტეტის ბიბლიოთეკა წიგნსაცავი 2018-12-17 2.00 53(076) ჩ–48 8713 2018-12-17 8713 2018-12-17 წიგნი 2 ლ. 40 თ.
          ტექნოლოგიური ფაკულტეტის ბიბლიოთეკა ტექნოლოგიური ფაკულტეტის ბიბლიოთეკა წიგნსაცავი 2018-12-17 2.00 53(076) ჩ–48 8714 2018-12-17 8714 2018-12-17 წიგნი 2ლ. 40 თ.
          ტექნოლოგიური ფაკულტეტის ბიბლიოთეკა ტექნოლოგიური ფაკულტეტის ბიბლიოთეკა წიგნსაცავი 2018-12-17 2.00 53(076) ჩ–48 8715 2018-12-17 8715 2018-12-17 წიგნი 2 ლ. 40 თ.
          ტექნოლოგიური ფაკულტეტის ბიბლიოთეკა ტექნოლოგიური ფაკულტეტის ბიბლიოთეკა წიგნსაცავი 2018-12-17 2.00 53(076) ჩ–48 8716 2018-12-17 8716 2018-12-17 წიგნი 2 ლ. 40 თ.
          ტექნოლოგიური ფაკულტეტის ბიბლიოთეკა ტექნოლოგიური ფაკულტეტის ბიბლიოთეკა წიგნსაცავი 2018-12-17 2.00 53(076) ჩ–48 8717 2018-12-17 8717 2018-12-17 წიგნი 2 ლ. 40 თ.
          ტექნოლოგიური ფაკულტეტის ბიბლიოთეკა ტექნოლოგიური ფაკულტეტის ბიბლიოთეკა წიგნსაცავი 2018-12-17 2.00 53(076) ჩ–48 8718 2018-12-17 8718 2018-12-17 წიგნი 2 ლ. 40 თ.